| 000 | 00532nam a2200217Ia 4500 | ||
|---|---|---|---|
| 003 | OSt | ||
| 005 | 20220928151948.0 | ||
| 006 | a|||||r|||| 00| 0 | ||
| 007 | ta | ||
| 008 | 220927b |||||||| |||| 00| 0 eng d | ||
| 024 | _a132523 | ||
| 037 | _cTextual | ||
| 040 |
_aSDCL _cSDCL _beng |
||
| 041 |
_2eng _aeng |
||
| 082 | _aB3161, L2 | ||
| 100 |
_aMatsushima Yozo _9518592 |
||
| 245 | 0 | _aDifferentiable menifolds. | |
| 260 | _c1972 | ||
| 942 |
_hB3161, L2 _cTEXL _2CC |
||
| 999 |
_c853536 _d853536 |
||